00930naa a22001817i 45000010005000000030009000050050017000140080041000310350017000720400037000890410008001260800011001341000134001452450159002796500015004387000118004537730177005717782KOSZ 00520180425093430.0160308s2011 ||||| ||||0|| 0 pol  aPBN-R:249412 cKOSZ 005/mdaPBN-IDdKOSZ 005/HR0 apol a338.481 aDŁUBAKOWSKA-PUZIO, Ewa Katarzyna.d1998 - .bPolitechnika Koszalińska - Instytut Ekonomii i Zarządzania,cZakład Marketingu10aBadanie stopnia zadowolenia turystów pobytem w hotelach na podstawie modelu ryzyka turystycznego /cEwa Dłubakowska-Puzio, Mikhail Karpuk, Kamil Puzio. 0aTurystyka.1 aKARPUK, Mikhaił.d1999 - .bPolitechnika Koszalińska - Instytut Ekonomii i Zarządzania,cZakład Ekonometrii0 iW:tEkonometria przestrzenna i regionalne analizy ekonomiczne / pod red. M. Jewczak, A. Żółtaszek. -dŁódź : Wydaw. Uniwersytetu Łódzkiego, 2011z9788375255829